The art book (Record no. 4614)

MARC details
000 -CABECERA
campo de control de longitud fija 02082cam a2200349 i 4500
001 - NÚMERO DE CONTROL
campo de control 990207874300107026
003 - IDENTIFICADOR DEL NÚMERO DE CONTROL
campo de control UkOxU
005 - FECHA Y HORA DE LA ÚLTIMA TRANSACCIÓN
campo de control 20250709141413.0
008 - DATOS DE LONGITUD FIJA--INFORMACIÓN GENERAL
campo de control de longitud fija 161101s2017 enka 001 0 eng d
015 ## - NÚMERO DE BIBLIOGRAFÍA NACIONAL
Número de bibliografía nacional GBB700557
Fuente bnb
016 7# - NÚMERO DE CONTROL DE UNA AGENCIA BIBLIOGRÁFICA NACIONAL
Número de control del registro 018163339
Fuente Uk
020 ## - NÚMERO INTERNACIONAL ESTÁNDAR DEL LIBRO
Número Internacional Estándar del Libro 9780241239018
Información calificativa hardback
035 ## - NÚMERO DE CONTROL DEL SISTEMA
Número de control de sistema (UkOxU)020787430
035 ## - NÚMERO DE CONTROL DEL SISTEMA
Número de control de sistema (UkOxU)020787430BIB01
035 ## - NÚMERO DE CONTROL DEL SISTEMA
Número de control de sistema (Uk)018163339
040 ## - FUENTE DE LA CATALOGACIÓN
Centro catalogador/agencia de origen StDuBDS
Lengua de catalogación eng
Normas de descripción rda
Centro/agencia transcriptor StDuBDS
Centro/agencia modificador Uk
-- UkOxU
042 ## - CÓDIGO DE AUTENTICACIÓN
Código de autenticación ukblsr
245 04 - MENCIÓN DE TÍTULO
Título The art book
Mención de responsabilidad, etc. / contributors, Caroline Bugler [and four others] ; editors, Richard Gilbert, Diana Loxley, Kirsty Seymour-Ure, Marek Walisiewicz.
264 #1 - PRODUCCIÓN, PUBLICACIÓN, DISTRIBUCIÓN, FABRICACIÓN Y COPYRIGHT
Producción, publicación, distribución, fabricación y copyright London :
Nombre del de productor, editor, distribuidor, fabricante Dorling Kindersley Limited,
Fecha de producción, publicación, distribución, fabricación o copyright 2017.
300 ## - DESCRIPCIÓN FÍSICA
Extensión 352 pages :
Otras características físicas illustrations (some colour) ;
Dimensiones 24 cm.
490 1# - MENCIÓN DE SERIE
Mención de serie Big ideas simply explained
500 ## - NOTA GENERAL
Nota general Includes index.
520 ## - SUMARIO, ETC.
Sumario, etc. The Art Book is a captivating introduction to painting, drawing, printing, sculpture, conceptual art, and performance art - from ancient history to the modern day - aimed at adults with an interest in the subject and students wanting to gain more of an overview. Here you'll discover more than 80 of the world's most groundbreaking artworks by history's most influential painters, sculptors and artists, through exciting text and bold graphics. This fresh new guide examines the ideas that inspired masterpieces by Van Gogh, Rembrandt, Klimt, Matisse, Picasso, and dozens more! If you thought it was difficult to learn about the defining movements, The Art Book presents key information in a clear layout. Find out about subject matters, techniques, and materials, and learn about the talented artists behind the great works, through superb mind maps and step-by-step summaries.
650 #0 - PUNTO DE ACCESO ADICIONAL DE MATERIA--TÉRMINO DE MATERIA
Término de materia o nombre geográfico como elemento de entrada Art
9 (RLIN) 7879
700 ## - ENTRADA AGREGADA--NOMBRE PERSONAL
Nombre de persona Bugler, Caroline,
Término indicativo de función/relación author.
9 (RLIN) 25092
700 ## - ENTRADA AGREGADA--NOMBRE PERSONAL
Nombre de persona Gilbert, Richard
Títulos y otros términos asociados al nombre (Freelance editor)
Término indicativo de función/relación editor.
700 ## - ENTRADA AGREGADA--NOMBRE PERSONAL
Nombre de persona Loxley, Diana,
Fechas asociadas al nombre 1957-
Término indicativo de función/relación editor.
9 (RLIN) 25093
700 ## - ENTRADA AGREGADA--NOMBRE PERSONAL
Nombre de persona Seymour-Ure, Kirsty
Término indicativo de función/relación editor.
9 (RLIN) 25094
700 ## - ENTRADA AGREGADA--NOMBRE PERSONAL
Nombre de persona Walisiewicz, Marek
Término indicativo de función/relación editor.
9 (RLIN) 25095
830 #0 - PUNTO DE ACCESO ADICIONAL DE SERIE-TÍTULO UNIFORME
Título uniforme Big ideas simply explained
942 ## - ELEMENTOS DE ENTRADA AGREGADA (KOHA)
Fuente del sistema de clasificación o colocación Clasificación de Library of Congress
Holdings
Estado de retiro Estado de pérdida Fuente del sistema de clasificación o colocación Estado dañado No para préstamo Biblioteca de origen Biblioteca actual Fecha de adquisición Total de préstamos Signatura topográfica completa Código de barras Fecha visto por última vez Número de copia Precio válido a partir de Tipo de ítem Koha
    Clasificación de Library of Congress     TBS Barcelona TBS Barcelona 31/03/2025   N5300 ART B07515 12/12/2025 1 31/03/2025 Book

Powered by Koha